Statistics for NHL Leading Goal-Scorers 2018-2019

Click here to take the quiz!

General Stats

  • This quiz has been taken 56 times
  • The average score is 13 of 16

Answer Stats

#TeamGoalsName% Correct
1Washington Capitals51Alexander Ovechkin
100%
7Edmonton Oilers41Connor McDavid
100%
5Chicago Blackhawks44Patrick Kane
98%
4Tampa Bay Lightning45Steven Stamkos
96%
10Colorado Avalanche41Nathan MacKinnon
94%
6Tampa Bay Lightning41Nikita Kucherov
94%
3Toronto Maple Leafs47John Tavares
92%
2Edmonton Oilers50Leon Draisaitl
92%
8Tampa Bay Lightning41Brayden Point
81%
14Boston Bruins38David Pastrnak
81%
16San Jose Sharks38Joe Pavelski
63%
15Winnipeg Jets38Mark Scheifele
63%
12Pittsburgh Penguins40Jake Guentzel
60%
13Buffalo Sabres40Jeff Skinner
60%
9Columbus Blue Jackets41Cam Atkinson
50%
11Chicago Blackhawks41Alex DeBrincat
48%

Score Distribution

Percentile by Number Answered

Percent of People with Each Score

Your Score History

You have not taken this quiz